000 00575nam a2200217Ia 4500
003 OSt
005 20220924122539.0
006 a|||||r|||| 00| 0
007 ta
008 220923b |||||||| |||| 00| 0 urd d
024 _a313954
037 _cTextual
040 _aARTS
_cARTS
_burd
041 _2urd
_aurd
082 _aO168,1MJA,1, C1
245 0 _aQissa Shah-e-Jamjama ma-e-Tasveer
260 _aLuckhnow
_bMatbe Girani Husaini India
_c1891
650 _aURDU POETRY
942 _hO168,1MJA,1, C1
_cTEXL
_2CC
999 _c412071
_d412071